| 000 | 00446nam a2200181Ia 4500 | ||
|---|---|---|---|
| 001 | 3418 | ||
| 005 | 20260306145642.0 | ||
| 008 | 260306t1997||||xx |||||||||||||| ||spa|| | ||
| 041 | _aESP | ||
| 082 |
_a275.5 _bB54 |
||
| 100 |
_aBiffi, I. _eAUT |
||
| 245 | 0 |
_aLa teología dal XV al XVII secolo: _bmetodi e prospective |
|
| 260 | _c1997 | ||
| 300 |
_axvi, 162 páginas : _c23 cm. |
||
| 650 | _aGEN | ||
| 654 | _aCHU | ||
| 942 |
_cLIB _dJUS _fJUS _2ddc _n |
||
| 999 |
_c3418 _d3418 |
||